|
|
|
|
| LEADER |
00000nab a2200000 a 4500 |
| 001 |
vtls009278008 |
| 003 |
SK-MaSNL |
| 005 |
20260304154506.0 |
| 008 |
250507c2006 xo mr|p|||||||000 b|slo |
| 015 |
|
|
|a SNBRB2008/03
|2 snkbucl
|
| 035 |
|
|
|a (uuid)9cfd05c2-dd3d-4c0b-a45b-84fcd3fd3a45
|
| 035 |
|
|
|a urn:nbn:sk:snk-ab11zl
|
| 035 |
|
|
|a (urnnbn)urn:nbn:sk:snk:ar-a06oyh
|
| 038 |
|
|
|a SNKBUCL
|
| 040 |
|
|
|a SNKBUCL
|b slo
|c SNKBUCL
|e AACR2
|
| 041 |
0 |
|
|a eng
|
| 044 |
|
|
|a xo
|c SK
|
| 080 |
|
|
|a 582.594-022.251:581.557
|2 2001
|
| 080 |
|
|
|a 581.557
|2 1997
|
| 080 |
|
|
|a 582.28
|2 1997
|
| 100 |
1 |
|
|a Jurčák, Jaroslav
|4 aut
|9 1479235
|
| 245 |
1 |
0 |
|a Preliminary observation of fungal colonization in a rare orchid species (Epipactis pontica TAUBENHEIM) in the Czech Republic
|
| 300 |
|
|
|b Obr.
|
| 504 |
|
|
|a Bibliogr. odkazy
|
| 546 |
|
|
|a Res. angl.
|
| 650 |
0 |
7 |
|a vzácne rastliny
|2 snkbucl
|9 85281
|
| 650 |
0 |
7 |
|a korene rastlín
|2 snkbucl
|9 42186
|
| 650 |
0 |
7 |
|a mykoríza
|2 snkbucl
|9 936548
|
| 650 |
0 |
7 |
|a anatómia rastlín
|2 snkbucl
|9 78774
|
| 650 |
0 |
7 |
|a kruštík pontský
|2 snkbucl
|9 112479
|
| 700 |
1 |
|
|a Látr, Aleš
|4 aut
|9 112480
|
| 700 |
1 |
|
|a Čuříková, Martina
|4 aut
|9 1138227
|
| 773 |
0 |
|
|t Thaiszia. Journal of botany
|g Vol. 16, No. 1 (2006), s. 1-9
|x 1210-0420
|
| 850 |
|
|
|a Slovenská národná knižnica
|
| 852 |
|
|
|a Slovenská národná knižnica
|
| 958 |
|
|
|a article27
|
| 958 |
|
|
|a NB
|
| 958 |
|
|
|a OND
|
| 958 |
|
|
|a EUIPO
|
| 999 |
|
|
|c 2957930
|d 2959860
|